000 01961nam a2200217Ia 4500
003 PE SENCICO BE
005 20251020182424.0
008 200515s9999 xx 000 0 und d
040 _aPE SENCICO BE
_cPE SENCICO BE
041 _aspa
082 _a516
_bH89
100 1 _aHuisa de la Cruz, José
_92099
245 1 0 _aProblemas selectos de geometría y trigonometría :
_b400 problemas propuestos y resueltos /
_cJosé Huisa de la Cruz
260 _aLima :
_bSan Marcos ;
_csin año
300 _a343 p. :
_bgraf. ;
_c22 cm.
505 0 _aGeometría: Segmentos -- Intersecciones -- Angulos -- Triángulos -- Cuadriláteros -- Polígonos -- Circunferencia -- Proporcionalidad -- Semejanza de triángulos -- Relaciones métricas en triángulos rectángulos -- Triángulo rectángulo pitagórico -- Relaciones métricas en triángulos oblicuángulos -- Relaciones en cuadriláteros -- Relaciones métricas en el círculo -- Potencia -- Polígonos regulares -- Área de triángulos -- Relaciones entre las áreas de triángulos -- Área de cuadriláteros -- Área de polígonos regulares -- Área de figuras curvas -- Geometría del espacio rectas y planos -- Ángulos diedros y poliedros -- Poliedros regulares e irregulares -- Prisma -- Pirámide -- Cilindro recto -- Cono recto -- Superficie esférica -- Esfera -- Figuras giratorias y simetría -- Miscelánea de problemas de geometría -- Trigonometria: Angulo trigonométrico -- Razones trigonométricas -- Identidades trigonométricas -- Líneas trigonométricas en función de una de ellas -- Relaciones trigonométricas compuestas -- Reducción al primer cuadrante -- Transformaciones trigonométricas -- Funciones trigonométricas inversas -- Ecuaciones trigonométricas -- Resolución de triángulos rectángulos -- Resolución de triángulos oblicuángulo Geometría analítica
650 1 0 _aGeometría
_921
650 2 0 _aTrigonometría
_92104
650 2 0 _aMatemáticas
_92106
942 _cLIB
_2ddc
999 _c54
_d54